Agricultural land market in Slovakia - economic and legal impacts of the Law No. 140/2014 Coll. on the land acquisition
Trh s poľnohospodárskou pôdou na Slovensku - ekonomické a právne dopady Zákona č. 140/2014 Zb. na získavanie pôdy.
Guardado en:
| Autor principal: | |
|---|---|
| Formato: | Capítulo de libro |
| Lenguaje: | inglés |
| Materias: | |
| Etiquetas: |
Sin Etiquetas, Sea el primero en etiquetar este registro!
|
MARC
| LEADER | 00000naa a2200000 4500 | ||
|---|---|---|---|
| 001 | 0208454 | ||
| 005 | 20231211072003.2 | ||
| 041 | 0 | |a eng | |
| 044 | |a CZ | ||
| 245 | 1 | 0 | |a Agricultural land market in Slovakia - economic and legal impacts of the Law No. 140/2014 Coll. on the land acquisition |c Jarmila Lazíková ... [et al.] |
| 520 | |a Trh s poľnohospodárskou pôdou na Slovensku - ekonomické a právne dopady Zákona č. 140/2014 Zb. na získavanie pôdy. | ||
| 610 | 2 | 0 | |a pôda poľnohospodárska |
| 610 | 2 | 0 | |a obchod s pôdou |
| 610 | 2 | 0 | |a regulácia trhu |
| 610 | 2 | 0 | |a úpravy právne |
| 610 | 2 | 0 | |a Slovensko |
| 100 | 1 | |a Lazíková, Jarmila | |